|
|
|
|
| LEADER |
00737nam a2200193 i 4500 |
| 003 |
GR-PaULI |
| 005 |
20230308113203.0 |
| 008 |
211230q2014 gr a ||| |||| 00| 0 gre d |
| 952 |
|
|
|0 0
|1 0
|2 ddc
|4 0
|6 759_949000000000000_5_AGG
|7 0
|9 369597
|a LISP
|b LISP
|c DON
|d 2023-03-08
|e ΠΑΤ
|i 147263
|l 0
|o 759.949 5 AGG
|p 025000291560
|r 2023-03-08 00:00:00
|t 1
|v 2023.00
|w 2023-03-08
|y BKN
|
| 999 |
|
|
|c 215928
|d 215928
|
| 040 |
|
|
|a GR-PaULI
|b gre
|c GR-PaULI
|e AACR2
|
| 082 |
0 |
4 |
|2 23
|a 759.949 5
|
| 100 |
1 |
|
|9 196533
|a Aggelidis, Paschalis,
|d 1955-
|e συγγραφέας.
|
| 245 |
1 |
0 |
|a Pasxhalis :
|b Art Athina 2014.
|c
|
| 260 |
|
|
|a [Χ.τ.] :
|b [χ.ό.],
|c [2014?].
|
| 300 |
|
|
|a [6] σ. :
|b εικ. ;
|c 29 εκ.
|
| 500 |
|
|
|a
|
| 942 |
|
|
|2 ddc
|c BK
|
| 998 |
|
|
|c ΜΠΟΥΡΑΣ
|d 2023-03
|